<?xml version="1.0" encoding="UTF-8"?>
<record
    xmlns:xsi="http://www.w3.org/2001/XMLSchema-instance"
    xsi:schemaLocation="http://www.loc.gov/MARC21/slim http://www.loc.gov/standards/marcxml/schema/MARC21slim.xsd"
    xmlns="http://www.loc.gov/MARC21/slim">

  <leader>01624nam a22002537a 4500</leader>
  <controlfield tag="005">20190814115606.0</controlfield>
  <controlfield tag="008">170508b        pe||||| |||| 00| 0 spa d</controlfield>
  <datafield tag="040" ind1=" " ind2=" ">
    <subfield code="a">UTEA</subfield>
  </datafield>
  <datafield tag="041" ind1=" " ind2=" ">
    <subfield code="a">Es</subfield>
  </datafield>
  <datafield tag="044" ind1=" " ind2=" ">
    <subfield code="a">PE</subfield>
  </datafield>
  <datafield tag="082" ind1=" " ind2=" ">
    <subfield code="a">370.15</subfield>
    <subfield code="b">V28</subfield>
  </datafield>
  <datafield tag="100" ind1=" " ind2=" ">
    <subfield code="a">Vergara  Cobian, Zoila</subfield>
    <subfield code="e">Autor</subfield>
  </datafield>
  <datafield tag="245" ind1=" " ind2=" ">
    <subfield code="a">Planificaci&#xF3;n y Trabajo Social</subfield>
    <subfield code="c">Zoila Vergara Cobi&#xE1;n</subfield>
  </datafield>
  <datafield tag="250" ind1=" " ind2=" ">
    <subfield code="a">a edici&#xF3;n</subfield>
  </datafield>
  <datafield tag="260" ind1=" " ind2=" ">
    <subfield code="a">Lima - Per&#xFA;</subfield>
    <subfield code="b">San Marcos S.A.</subfield>
    <subfield code="c">1996</subfield>
  </datafield>
  <datafield tag="300" ind1=" " ind2=" ">
    <subfield code="a">169 p&#xE1;ginas.</subfield>
    <subfield code="c">14 x 20 cm.</subfield>
  </datafield>
  <datafield tag="505" ind1=" " ind2=" ">
    <subfield code="a">Propedeutica para la planificaci&#xF3;n en trabajo social --- Relaci&#xF3;n entre planificaci&#xF3;n y programaci&#xF3;n -- Bases doctrinas de la planificaci&#xF3;n en el Per&#xFA; -- Caracterizaci&#xF3;n de la planificaci&#xF3;n en el Per&#xFA; actual -- Planificaci&#xF3;n social y trabajo social -- Caracter&#xED;sticas de la planificaci&#xF3;n social -- La t&#xE9;cnica de la planificaci&#xF3;n aplicada al trabajo social -- Objetivos de la planificaci&#xF3;n en trabajo social -- Etapas de planificaci&#xF3;n en trabajo social -- tipos de planes -- ejecuci&#xF3;n -- El plan de trabajo social -- Programa y acci&#xF3;n -- Tipo de programa y acci&#xF3;n -- Partes del programa y acci&#xF3;n -- El proyecto en trabajo social</subfield>
  </datafield>
  <datafield tag="520" ind1=" " ind2=" ">
    <subfield code="a">Este libro trata de planificaci&#xF3;n y trabajo social relaci&#xF3;n entre planificaci&#xF3;n  y programaci&#xF3;n que les caracterizan fundamentales de  al planificaci&#xF3;n referirse  a ella la denominaci&#xF3;n indistintamente como programaci&#xF3;n cual en grupo de dos t&#xE9;rminos  tuvieran igual significado.</subfield>
  </datafield>
  <datafield tag="650" ind1=" " ind2="0">
    <subfield code="a">PLANIFICACI&#xD3;N</subfield>
  </datafield>
  <datafield tag="650" ind1=" " ind2="0">
    <subfield code="a">TRABAJO</subfield>
  </datafield>
  <datafield tag="650" ind1=" " ind2="0">
    <subfield code="a">SOCIAL</subfield>
    <subfield code="9">5744</subfield>
  </datafield>
  <datafield tag="653" ind1=" " ind2=" ">
    <subfield code="a">EDUCACI&#xD3;N</subfield>
    <subfield code="a">PLANIFICACI&#xD3;N</subfield>
    <subfield code="a">TRABAJO</subfield>
    <subfield code="a">SOCIAL</subfield>
  </datafield>
  <datafield tag="942" ind1=" " ind2=" ">
    <subfield code="2">ddc</subfield>
    <subfield code="c">BK</subfield>
    <subfield code="z">Celinda Molina Chirinos</subfield>
  </datafield>
  <datafield tag="952" ind1=" " ind2=" ">
    <subfield code="0">0</subfield>
    <subfield code="1">0</subfield>
    <subfield code="2">ddc</subfield>
    <subfield code="4">0</subfield>
    <subfield code="7">0</subfield>
    <subfield code="8">EPEF2</subfield>
    <subfield code="a">BABA</subfield>
    <subfield code="b">BABA</subfield>
    <subfield code="c">SALA2</subfield>
    <subfield code="e">CP</subfield>
    <subfield code="i">35140757</subfield>
    <subfield code="o">370.15 V28 1996</subfield>
    <subfield code="p">BABA17050079</subfield>
    <subfield code="w">2017-05-08</subfield>
    <subfield code="y">BK</subfield>
    <subfield code="k">05/08/2017</subfield>
  </datafield>
  <datafield tag="952" ind1=" " ind2=" ">
    <subfield code="0">0</subfield>
    <subfield code="1">0</subfield>
    <subfield code="2">ddc</subfield>
    <subfield code="4">0</subfield>
    <subfield code="7">0</subfield>
    <subfield code="8">EPEF2</subfield>
    <subfield code="a">BABA</subfield>
    <subfield code="b">BABA</subfield>
    <subfield code="c">SALA2</subfield>
    <subfield code="e">CP</subfield>
    <subfield code="i">35140757</subfield>
    <subfield code="o">370.15 V28 1996</subfield>
    <subfield code="p">BABA17050080</subfield>
    <subfield code="t">ej.2</subfield>
    <subfield code="w">2017-05-08</subfield>
    <subfield code="y">BK</subfield>
    <subfield code="k">05/08/2017</subfield>
  </datafield>
  <datafield tag="999" ind1=" " ind2=" ">
    <subfield code="c">940</subfield>
    <subfield code="d">940</subfield>
  </datafield>
</record>
